Responses for show #5179 - Thursday, March 1, 2007

Contestants

Jennifer Nield Cameron, an executive assistant from New York, New York

Brian Morris, an account manager from Vancouver, British Columbia, Canada

Robert Ashley, a psychiatrist from Los Angeles, California (whose 1-day cash winnings total $28,401)

Jeopardy! Round responses

RECONSTRUCTION
GIVING YOU THE MUSICAL TIME OF DAY
MATH PROBLEMS
MY MAINE MAN!
ENGLAND, SCOTLAND OR WALES
FIX THE MALAPROPISM
    $200 6
cotton

Robert
    $200 26
"Rock Around The Clock"

Brian
    $200 1
5

Robert
    $200 17
Stephen King

Brian
    $200 11
Scotland

Robert
    $200 16
concentrate

Jennifer
    $400 7
Andrew Johnson

Robert
    $400 27
"Rocket Man"

Jennifer
    $400 2
160

Robert
    $400 22
Longfellow

Robert
    $400 12
Wales

Robert
    $400 18
cliff-hanger

Jennifer
    $600 8
Howard

Robert
    $600 28
Blondie

Robert
    $600 3
400

Robert
    $600 23
Rockefeller

Robert
    $600 13
Scotland

Robert
    $600 19
suspicious

Jennifer
    $800 9
scalawags

Triple Stumper
    $800 29
"Manic Monday"

Robert
    $800 4
50 cents

Robert
    $1,200 24
(Admiral) Peary

Robert
    $800 14
England

Brian
    $800 20
eligible

Brian
    $1000 10
Mississippi

Triple Stumper
    $1000 30
3 A.M.

Jennifer
    $1000 5
(Robert: What is... twenty-five?)

6

RobertBrian
    $1000 25
(Robert: Who is Vance?)

Edmund Muskie

Robert
Triple Stumper
    $1000 15
Wales

Robert
    $1000 21
contiguous

Robert

Scores at the first commercial break (after clue 15):

Robert Brian Jennifer
$4,400 $1,800 $0

Scores at the end of the Jeopardy! Round:

Robert Brian Jennifer
$8,000 $3,000 $2,600

Double Jeopardy! Round responses

PLASMA PHYSICS
MOVIE MANIA
INTERNATIONAL BOOKSTORE
"O"
BROTHER
WHERE ART THOU?
    $400 6
phase of matter (or state of matter)

Robert
    $400 11
(Peter) Sellers

Brian
    $400 1
Like Water for Chocolate

Jennifer
    $400 16
an ostrich

Brian
    $400 25
sumo

Robert
    $400 30
the Red Sea

Robert
    $800 7
hydrogen

Robert
    $800 12
3-D

Brian
    $800 2
Molière

Triple Stumper
    $800 17
an octagon

Brian
    $800 22
Dorsey

Jennifer
    $800 28
Nazareth

Robert
    $1200 8
bacteria

Triple Stumper
    $1200 13
Born in East L.A.

Robert
    $1200 3
Kiss of the Spider Woman

Brian
    $1200 18
Osaka

Robert
    $1200 21
the Brothers Grimm

Brian
    $1200 26
(Brain: What is the Dead Sea?)

the Sea of Galilee

Brian
Triple Stumper
    $2,000 9
lithium

Robert
    $1600 14
Glory

Brian
    $1600 4
Dead Souls

Brian
    $1600 19
an olive branch

Brian
    $3,800 23
(Jennifer: Who was Anne of Cleves?)

Catherine of Aragon

Jennifer
    $1600 27
Ur

Brian
    $2000 10
magnetic

Brian
    $2000 15
Wild Strawberries

Brian
    $2000 5
Remains of the Day

Robert
    $2000 20
Otto

Brian
    $2000 24
the Montgolfier Brothers

Triple Stumper
    $2000 29
(Robert: What is Cain?)

Goshen

Robert
Triple Stumper

Scores at the end of the Double Jeopardy! Round:

Robert Brian Jennifer
$15,200 $19,000 $0

[wagering suggestions for these scores]

Final Jeopardy! Round responses

WORLD LEADERS
(Alex: [Revealing Robert's response] Who is [*], who was a future prime minister of Israel.)
RobertWho is Golda Meier
$7,601
BrianWho is Golda Meir?
$11,401
Golda Meir

Final scores:

Robert Brian Jennifer
$22,801 $30,401 $0
2nd place: $2,000 New champion: $30,401 3rd place: $1,000

Game dynamics:

Coryat scores:

Robert Brian Jennifer
$14,400 $19,000 $3,800
26 R
(including 2 DDs),
3 W
18 R,
1 W
7 R,
1 W
(including 1 DD)

Combined Coryat: $37,200

The J! Archive is created by fans, for fans. The Jeopardy! game show and all elements thereof, including but not limited to copyright and trademark thereto, are the property of Jeopardy Productions, Inc. and are protected under law. This website is not affiliated with, sponsored by, or operated by Jeopardy Productions, Inc. Join the discussion at JBoard.tv.